书目信息 |
| 题名: |
多孔介质中水分及溶质运移的随机理论
|
|
| 作者: | 杨金忠 著 | |
| 分册: | ||
| 出版信息: | 北京 科学出版社出版社 2000 |
|
| 页数: | 298 | |
| 开本: | 26cm | |
| 丛书名: | ||
| 单 册: | ||
| 中图分类: | P641.2 | |
| 科图分类: | ||
| 主题词: | 水文地质 , 工程地质 | |
| 电子资源: | ||
| ISBN: | 7-03-007763-6 | |
| 000 | 00608nam0 2200193 450 | |
| 001 | 0754114953 | |
| 005 | 20070929150154.95 | |
| 010 | @a7-03-007763-6 | |
| 100 | @a20070929d km y0chiy0120 ea | |
| 101 | 0 | @achi |
| 200 | 1 | @a多孔介质中水分及溶质运移的随机理论@Aduo kong jie zhi zhong shui fen ji rong zhi yun yi de sui ji li lun@f杨金忠 等著@Fyang jin zhong deng zhu |
| 210 | @a北京@c科学出版社出版社@d2000 | |
| 215 | @a298@c插图@d26cm | |
| 606 | 0 | @a水文地质 |
| 606 | 0 | @a工程地质 |
| 690 | @aP641.2@v3 | |
| 701 | 0 | @a杨金忠@Ayang jin zhong@4著 |
| 801 | 0 | @aCN@bPFT@c20070929 |
| 905 | @a213230@dP641.2@eh6@f1 | |
| 多孔介质中水分及溶质运移的随机理论/杨金忠 等著.-北京:科学出版社出版社,2000 |
| 298:插图;26cm |
| ISBN 7-03-007763-6: |
| ● |
| 相关链接 |
|
|
|
|
正题名:多孔介质中水分及溶质运移的随机理论
索取号:P641.2/h6
 
预约/预借
| 序号 | 登录号 | 条形码 | 馆藏地/架位号 | 状态 | 备注 |
| 1 | 6001200 | 260012006 | 密集书库-化学系/ [索取号:P641.2/h6] | 在馆 | |
| 2 | 6001201 | 260012015 | 密集书库-化学系/ [索取号:P641.2/h6] | 在馆 |